Trồng - chăm sóc và phòng trừ sâu bệnh

Сохранить в:
Библиографические подробности
Главный автор: Nguyễn, Mạnh Chinh
Формат:
Язык:Undetermined
Опубликовано: Hà Nội Nông Nghiệp 2006
Предметы:
Метки: Добавить метку
Нет меток, Требуется 1-ая метка записи!
Thư viện lưu trữ: Trung tâm Học liệu Trường Đại học Cần Thơ
LEADER 00619nam a2200193Ia 4500
001 CTU_124892
008 210402s9999 xx 000 0 und d
020 |c 13000 
082 |a 632.9 
082 |b Ch312/Q.12 
100 |a Nguyễn, Mạnh Chinh 
245 0 |a Trồng - chăm sóc và phòng trừ sâu bệnh 
245 0 |c Nguyễn Mạnh Chinh, Nguyễn Đăng Nghĩa 
260 |a Hà Nội 
260 |b Nông Nghiệp 
260 |c 2006 
650 |a Diseases and pests,Durio,Fruit trees,Plant protection 
904 |i M.Loan 
980 |a Trung tâm Học liệu Trường Đại học Cần Thơ